Apuntes pedagógicos (Record no. 211315)
[ view plain ]
| 000 -CABECERA | |
|---|---|
| campo de control de longitud fija | 00767cam a22002177a 4500 |
| 003 - IDENTIFICADOR DEL NÚMERO DE CONTROL | |
| campo de control | MX-MxUPN |
| 005 - FECHA Y HORA DE LA ÚLTIMA TRANSACCIÓN | |
| campo de control | 20240626161238.0 |
| 008 - ELEMENTOS DE LONGITUD FIJA--INFORMACIÓN GENERAL | |
| campo de control de longitud fija | 240617s2012 mx|a|||fr|||| 000 0 spa d |
| 040 ## - FUENTE DE LA CATALOGACIÓN | |
| Centro catalogador/agencia de origen | MX-MxUPN |
| Lengua de catalogación | spa |
| 041 0# - CÓDIGO DE IDIOMA | |
| Código de lengua del texto/banda sonora o título independiente | spa |
| 050 #4 - SIGNATURA TOPOGRÁFICA DE LA BIBLIOTECA DEL CONGRESO | |
| Número de clasificación | LC92 M6 |
| Número de documento/Ítem | T67 2012 |
| 100 1# - ASIENTO PRINCIPAL--NOMBRE PERSONAL | |
| 9 (RLIN) | 52572 |
| Nombre de persona | Torres Hernández, Alnfonso |
| Filiación | Universidad Pedagógica Nacional (México). Unidad 131 |
| 245 10 - MENCIÓN DE TÍTULO | |
| Título | Apuntes pedagógicos |
| 260 ## - PUBLICACIÓN, DISTRIBUCIÓN, ETC. | |
| Lugar de publicación, distribución, etc. | Pachuca de Soto, Hidalgo : |
| Nombre del editor, distribuidor, etc. | Milenio : |
| -- | Universidad Pedagógica Nacional Hidalgo, |
| Fecha de publicación, distribución, etc. | c2012 |
| 300 ## - DESCRIPCIÓN FÍSICA | |
| Extensión | 272 páginas |
| 610 22 - ASIENTO SECUNDARIO DE MATERIA - NOMBRE CORPORATIVO | |
| 9 (RLIN) | 28426 |
| Nombre de entidad corporativa o nombre de jurisdicción como elemento de entrada | Universidad Pedagógica Nacional (México). |
| Unidad subordinada | Unidad 131 |
| 650 #4 - ASIENTO SECUNDARIO DE MATERIA - TERMINO TEMATICO | |
| 9 (RLIN) | 476 |
| Término de materia o nombre geográfico como elemento de entrada | Educación y Estado |
| Subdivisión geográfica | México |
| 902 ## - ELEMENTOS DE DATOS B LOCAL, LDB (RLIN) | |
| Creó | MarielOrtiz/170624 |
| Modificó | VíctorGodínez/260624 |
| 942 ## - ELEMENTOS DE PUNTO DE ACCESO ADICIONAL (KOHA) | |
| Fuente del sistema de clasificación o colocación | Library of Congress Classification |
| Tipo de ítem Koha | Libro |
| Estado de retiro | Estado de pérdida | Fuente del sistema de clasificación o colocación | Estado dañado | No para préstamo | Código de colección | Localización permanente | Ubicación/localización actual | Ubicación en estantería | Fecha de adquisición | Clasificación | Código de barras | Fecha visto por última vez | Precio válido a partir de | Tipo de ítem Koha |
|---|---|---|---|---|---|---|---|---|---|---|---|---|---|---|
| Library of Congress Classification | Disponible (Previa cita) | UPN | Bib. Gregorio Torres Quintero | Bib. Gregorio Torres Quintero | Sala de Fondos Reservados Planta alta | 17/06/2024 | LC92 M6 T67 2012 | 339313 | 17/06/2024 | 17/06/2024 | Libro |
